LEADER 00778nam0-22002891i-450- 001 990006487890403321 005 20001010 035 $a000648789 035 $aFED01000648789 035 $a(Aleph)000648789FED01 035 $a000648789 100 $a20001010d--------km-y0itay50------ba 101 0 $aita 105 $ay-------001yy 200 1 $a<>derniers blancs$ele "modele" sud- africain$fClaude Meillassoux 210 $aParis$cMaspero$d1979. 215 $a310 p.$d22 cm 676 $a305.5 700 1$aMeillassoux,$bClaude$f<1925-2005>$0128916 801 0$aIT$bUNINA$gRICA$2UNIMARC 901 $aBK 912 $a990006487890403321 952 $aXIV E 1597$b16608$fFSPBC 959 $aFSPBC 996 $aDerniers blancs$927468 997 $aUNINA DB $aGEN01 LEADER 02444nam 2200589 450 001 9910788457903321 005 20220425220504.0 010 $a1-4214-0405-2 035 $a(CKB)3240000000065048 035 $a(EBL)4398447 035 $a(SSID)ssj0000606385 035 $a(PQKBManifestationID)11973779 035 $a(PQKBTitleCode)TC0000606385 035 $a(PQKBWorkID)10580422 035 $a(PQKB)11766685 035 $a(OCoLC)821725636 035 $a(MdBmJHUP)muse1525 035 $a(Au-PeEL)EBL4398447 035 $a(CaPaEBR)ebr11161164 035 $a(MiAaPQ)EBC4398447 035 $a(EXLCZ)993240000000065048 100 $a20110307d2011 uy| 0 101 0 $aeng 135 $aur|n|---||||| 181 $ctxt 182 $cc 183 $acr 200 00$aGay, lesbian, bisexual & transgender aging $echallenges in research, practice, and policy /$fedited by Tarynn M. Witten and A. Evan Eyler 210 1$aBaltimore :$cJohns Hopkins University Press,$d2011. 215 $a1 online resource (357 p.) 300 $aDescription based upon print version of record. 311 $a1-4214-0320-X 320 $aIncludes bibliographical references and index. 327 $aThe aging of sexual and gender minority persons : an overview / Tarynn M. Witten -- Informal caregiving : sexual orientation, sex development, and gender identity matter / Karen I. Fredriksen-Goldsen -- Aging in the gay community / Brian de Vries and Gil Herdt -- Aging in the lesbian community / Nancy M. Nystrom and Teresa C. Jones -- Aging in the bisexual community / Paula C. Rodriguez Rust -- Transgender and aging : beings and becomings / Tarynn M. Witten and A. Evan Eyler -- Intersex and aging : a (cautionary) research agenda / Monica J. Casper and Heather Laine Talley. 606 $aPreventive health services for older people 606 $aLGBTQ+ older people$2homoit 606 $aOlder queer people$2homoit 606 $aOlder transgender people$2homoit 615 0$aPreventive health services for older people. 615 7$aLGBTQ+ older people 615 7$aOlder queer people 615 7$aOlder transgender people 676 $a362.1086/6 702 $aWitten$b Tarynn 702 $aEyler$b A. Evan 801 0$bMiAaPQ 801 1$bMiAaPQ 801 2$bMiAaPQ 906 $aBOOK 912 $a9910788457903321 996 $aGay, lesbian, bisexual & transgender aging$93792517 997 $aUNINA